000 00298nam a22001097a 4500
008 160420b xxu||||| |||| 00| 0 eng d
020 _a9781416034360
041 _aeng
080 _a618.2
245 1 0 _aFundamentals of nursing:
_cHelen Harkreader; Mary Ann Hogan; Marshelle Thobaben;
942 _2udc
_cBK
999 _c1447
_d1447